| 000 | 02421cam a22003257a 4500 | ||
|---|---|---|---|
| 001 | 16218249 | ||
| 005 | 20130129141459.0 | ||
| 008 | 100505s2011 moua b 001 0 eng | ||
| 020 | _a0323069908 | ||
| 020 | _a9780323069908 | ||
| 040 |
_aNLM _cNLM _dUKM _dJAA _dYDXCP _dCOU _dNUI _dVET _dTULIB _dDLC |
||
| 082 | 0 | 4 |
_a617.692 _222 _bMCC |
| 100 | 1 |
_aMcCracken, William L. _930138 |
|
| 245 | 1 | 0 | _aMcCracken's Removable Partial Prosthodontics. |
| 246 | 3 | 0 | _aRemovable partial prosthodontics |
| 250 |
_a12th ed. / _bAlan B. Carr, David T. Brown. |
||
| 260 |
_aSt. Louis, Mo.: _bElsevier Mosby, _cc2011. |
||
| 300 |
_axi, 385 p. : _bill. (chiefly col.) ; _c29 cm. |
||
| 504 | _aIncludes bibliographical references (p. 349-370) and index. | ||
| 505 | 0 | _aPartially edentulous epidemiology, physiology, and terminology -- Consideration for managing partial tooth loss : tooth replacements from the patient perspective -- Classification of partially edentulous arches -- Biomechanics of removable partial dentures -- Major and minor connectors -- Rests and rest seats -- Direct retainers -- Indirect retainers -- Denture base considerations -- Principles of removable partial denture design -- Surveying -- Diagnosis and treatment planning -- Preparation of the mouth for removable partial dentures -- Preparation of abutment teeth -- Impression materials and procedures for removable partial dentures -- Support for the distal extension denture base -- Occlusal relationships for removable partial dentures -- Laboratory procedures -- Work authorizations for removable partial dentures -- Initial placement, adjustment, and servicing of the removable partial denture -- Relining and rebasing the removable partial denture -- Repairs and additions to removable partial dentures -- Interim removable partial dentures -- Removable partial denture considerations in maxillofacial prosthetics -- Considerations for the use of dental implants with removable partial dentures. | |
| 541 | _aDonation from Baccah | ||
| 650 | 0 |
_aPartial dentures, Removable. _930139 |
|
| 650 | 1 | 2 |
_aDenture, Partial, Removable. _930140 |
| 653 |
_bDent _cJune2012 _cJanuary2013 |
||
| 700 | 1 |
_aBrown, David T. _q(David Theodore) _930141 |
|
| 700 | 1 |
_aMcCracken, William L. _tRemovable partial prosthodontics. _930142 |
|
| 942 |
_2ddc _cNRB |
||
| 999 |
_c16771 _d16771 |
||